Enseñanza y aprendizaje de la historia en la educación básica.

Guardado en:
Detalles Bibliográficos
Autor principal: Prats, Joaquín et al, (autor)
Formato: Libro
Idioma:Español
Colección:(Serie: Teoría y práctica curricular de la educación Básica)
Temas:
Acceso en línea:Ver documento en línea
Etiquetas: Agrega una etiqueta
Sin etiquetas, Sé el primero en etiquetar este registro!

MARC

LEADER 00000nam^a2200000^u^4500
001 000528843
005 20260512000000.0
008 131219s10001000^^^^cr^^r^^^^^000^0^spa^d
009 20260512123836.955
022 |a 9786074670516 
035 |a FCE 000073089 
037 |a Acervo ITESO - Biblioteca 
041 |a spa 
095 |a 739 
100 |a Prats, Joaquín  |e et al  |e (autor) 
245 1 0 |a Enseñanza y aprendizaje de la historia en la educación básica. 
264 |a México:  |b SEP,  |c 2011. 
300 |a 207 p. 
336 |a texto  |b txt  |2 rdacontenido 
337 |a sin mediación  |b n  |2 rdamedio 
338 |a volumen  |b nc  |2 rdasoporte 
440 1 |a (Serie: Teoría y práctica curricular de la educación Básica) 
649 |a XX 
650 |a Educación básica 
650 |a Papel del maestro 
650 |a Enseñanza de la historia 
650 |a Articulación curricular 
856 4 0 |u https://basica.sep.gob.mx/reformaintegral/sitio/pdf/materiales/HISTORIA_web.pdf  |y Ver documento en línea 
910 |a Fondo Centro de Estudios Educativos 
920 |a Impresos - Libros 
930 |a Fondos Especiales 
905 |a 133 
902 |a https://opac.biblio.iteso.mx/vufind/Record/000528843